Statistics for Asian Geography by Letter - M

Click here to take the quiz!

General Stats

  • This quiz has been taken 72 times
  • The average score is 16 of 20

Answer Stats

HintAnswer% Correct
Least densely populated country in the worldMongolia
100%
Country formerly known as BurmaMyanmar
99%
Country consisting of a mainland part, and a part on the island of BorneoMalaysia
97%
Holiest city in IslamMecca
97%
Bollywood film industry is based in this cityMumbai
97%
Capital of the PhilippinesManila
96%
Capital of OmanMuscat
94%
Special administrative region of China famous for gamblingMacau
93%
River flowing through China, Myanmar, Laos, Thailand, Cambodia, and VietnamMekong
93%
Seasonal wind that brings heavy rainmonsoon
93%
Country with the lowest average elevation in the worldMaldives
91%
Historical region where Sumer, Akkad, Assyria, and Babylon were locatedMesopotamia
89%
Capital of the above countryMalé
87%
Second holiest city in IslamMedina
83%
Region of northeast ChinaManchuria
80%
Capital of BahrainManama
76%
Second largest and southernmost major island of the PhilippinesMindanao
69%
Language from western India with over 80 million native speakersMarathi
36%
Official language in the Indian state of KeralaMalayalam
33%
Ancient Iranian people who had a powerful kingdom that was described by several neighbouring countries and was eventually subsumed by the Achaemenid Persians, but left no written history of their own behindMedes
21%

Score Distribution

Percentile by Number Answered

Percent of People with Each Score

Your Score History

You have not taken this quiz